| 000 | 00813cam a22002893a 4500 | ||
|---|---|---|---|
| 001 | 7217 | ||
| 003 | PGUSA | ||
| 005 | 20140828083142.0 | ||
| 008 | 050101s2005||||xxu|||||s|||||000 | eng d | ||
| 040 |
_aPGUSA _beng |
||
| 042 | _adc | ||
| 050 | 4 | _aPL | |
| 100 | 1 |
_aLiu, Shao, _d3rd cent. |
|
| 245 | 1 | 0 |
_a人物志 _h[electronic resource] / _cShao Liu |
| 260 |
_bProject Gutenberg, _c2005 |
||
| 506 | _aPublic domain in the USA. | ||
| 516 | _aElectronic text | ||
| 653 | _aCharacters and characteristics | ||
| 653 | _aPsychology -- Early works to 1850 | ||
| 653 | _aAbility | ||
| 653 | _aAnthropology -- Early to 1870 | ||
| 653 | _aLeadership | ||
| 740 | 0 | _aRen Wu Zhi (Study of Human Abilities) | |
| 830 | 0 |
_aProject Gutenberg _v7217 |
|
| 856 | 4 | 0 | _uhttp://www.gutenberg.org/ebooks/7217 |
| 942 | _cEB | ||
| 999 |
_c236537 _d236537 |
||